000 00659nam a2200229Ia 4500
003 OSt
005 20220923220927.0
006 a|||||r|||| 00| 0
007 ta
008 220922b |||||||| |||| 00| 0 hin d
024 _a192,330
037 _cTextual
040 _aARTS
_cARTS
_bhin
041 _2hin
_ahin
082 _aT:4, 152H9
100 _aसीताराम जायसवाल
245 0 _aशिक्षालय और स्वास्थय
246 _aShikṣhālaya aur swāsthaya
260 _c1949
942 _hT:4, 152H9
_cTEXL
_2CC
999 _c344950
_d344950